En aquel prado : (Record no. 17741)

MARC details
000 -LEADER
fixed length control field 01118cam a2200337Ia 4500
001 - CONTROL NUMBER
control field 30824172
003 - CONTROL NUMBER IDENTIFIER
control field OCoLC
005 - DATE AND TIME OF LATEST TRANSACTION
control field 20180826180627.0
008 - FIXED-LENGTH DATA ELEMENTS--GENERAL INFORMATION
fixed length control field 940725s1993 nyu j 000 0 spa d
020 ## - INTERNATIONAL STANDARD BOOK NUMBER
International Standard Book Number 0590480847 (pbk.)
020 ## - INTERNATIONAL STANDARD BOOK NUMBER
International Standard Book Number 9780590480840 (pbk.)
040 ## - CATALOGING SOURCE
Original cataloging agency EAS
Language of cataloging eng
Transcribing agency EAS
Modifying agency OCL
-- YOL
041 ## - LANGUAGE CODE
Language code of text/sound track or separate title spa
092 ## - LOCALLY ASSIGNED DEWEY CALL NUMBER (OCLC)
Classification number SP E WAD
092 ## - LOCALLY ASSIGNED DEWEY CALL NUMBER (OCLC)
Classification number SP E WAD
100 1# - MAIN ENTRY--PERSONAL NAME
Personal name Wadsworth, Olive A.,
Dates associated with a name 1835-1886.
245 13 - TITLE STATEMENT
Title En aquel prado :
Remainder of title una antiqua rima de numeros /
Statement of responsibility, etc. ilustraciones de David A. Carter.
246 3# - VARYING FORM OF TITLE
Title proper/short title En aquel prado.
260 ## - PUBLICATION, DISTRIBUTION, ETC. (IMPRINT)
Place of publication, distribution, etc. New York :
Name of publisher, distributor, etc. Scholastic Inc.,
Date of publication, distribution, etc. c1993.
300 ## - PHYSICAL DESCRIPTION
Extent 30 unnumbered pages :
Other physical details color illustrations ;
Dimensions 20 x 26.
336 ## - CONTENT TYPE
Content type term text
Content type code txt
Source rdacontent.
337 ## - MEDIA TYPE
Media type term unmediated
Media type code n
Source rdamedia.
338 ## - CARRIER TYPE
Carrier type term volume
Carrier type code nc
Source rdacarrier.
500 ## - GENERAL NOTE
General note Translation of : Over in the meadow by Olive A. Wadsworth.
526 0# - STUDY PROGRAM INFORMATION NOTE
Program name Accelerated Reader AR
Interest level LG
Reading level 2.6
Title point value 0.5
Public note 119041.
526 0# - STUDY PROGRAM INFORMATION NOTE
Program name Reading Counts RC
Interest level K-2
Reading level 1
Title point value 1
Public note Quiz: 03556.
650 #0 - SUBJECT ADDED ENTRY--TOPICAL TERM
Topical term or geographic name as entry element Counting
Form subdivision Juvenile literature.
650 #1 - SUBJECT ADDED ENTRY--TOPICAL TERM
Topical term or geographic name as entry element Spanish language materials.
700 1# - ADDED ENTRY--PERSONAL NAME
Personal name Carter, David.
942 ## - ADDED ENTRY ELEMENTS (KOHA)
Koha item type Libro/Book
Holdings
Withdrawn status Lost status Source of classification or shelving scheme Damaged status Not for loan Home library Current library Date acquired Total Checkouts Barcode Date last seen Price effective from Koha item type Inventory number Full call number Date checked out Checked out
          Azul y Blanco -- Satellite Azul y Blanco -- Satellite 21/10/2017 1 35200571 13/11/2024 21/10/2017 Libro/Book inventory date: 22-1-25 JI 11/10/2024  
          Azul y Blanco -- Satellite Azul y Blanco -- Satellite 15/04/2019 3 35200214 30/01/2025 15/04/2019 Libro/Book inventory date: 20-1-25 JI 14/05/2024  
    Dewey Decimal Classification     Barbudos -- Satellite Barbudos -- Satellite 26/06/2017   35801522 26/06/2017 26/06/2017 Libro/Book        
          Las Brisas 1 -- Satellite Las Brisas 1 -- Satellite 14/05/2019 1 40001819 14/03/2024 14/05/2019 Libro/Book     14/03/2024 18/04/2024
          Las Brisas 1 -- Satellite Las Brisas 1 -- Satellite 14/05/2019   40001616 14/05/2019 14/05/2019 Libro/Book Inventory date: 7/4/25 JI    
          Las Brisas 2 -- Satellite Las Brisas 2 -- Satellite 14/05/2019   40101550 14/05/2019 14/05/2019 Libro/Book Inventory date: 7/4/25 JI    
          San Juan Del Sur -- Mobile San francisco de asis 04/06/2024 1 33005064 05/09/2024 04/06/2024 Libro/Book     05/09/2024 12/09/2024
          Zaragoza -- Satellite Zaragoza -- Satellite 14/05/2019   35500938 21/04/2022 14/05/2019 Libro/Book Inventory date: 7/7/25      

Powered by Koha